Educación y transformación social : homenaje a Paulo Freire /

Salvato in:
Dettagli Bibliografici
Autore principale: Salinas Ramos, Francisco (comp.)
Natura: Libro
Lingua:spagnolo
Pubblicazione: Caracas, Venezuela : Laboratorio Educativo, 1998, c1998
Serie:(Cuadernos de Educación Laboratorio Educativo ; 150)
Soggetti:
Tags: Aggiungi Tag
Nessun Tag, puoi essere il primo ad aggiungerne!!

MARC

LEADER 00000nam^a2200000^a^4500
001 000181676
005 20250521000000.0
009 20260310101939.52
020 |a 980-251-072-6 
037 |a Acervo ITESO - Biblioteca 
041 |a ESP 
082 |a 370. 1  |b SAL 
100 |a Salinas Ramos, Francisco  |e (comp.) 
245 1 0 |a Educación y transformación social :  |b homenaje a Paulo Freire /  |c Comp. de F. Salinas Ramos. 
264 4 |a Caracas, Venezuela :  |b Laboratorio Educativo,  |c 1998, c1998 
300 |a 252 p. 
336 |a texto  |b txt  |2 rdacontenido 
337 |a sin mediación  |b n  |2 rdamedio 
338 |a volumen  |b nc  |2 rdasoporte 
440 1 |a (Cuadernos de Educación Laboratorio Educativo ;  |v 150) 
649 |a XX 
650 |a Educadores Brasileños 
650 |a Educación -  |x Teoría 
650 |a Finalidades de la Educación 
650 |a Filosofía de la Educación 
650 |a Educación y Política 
650 |a Educación y Sociedad 
650 |a Educación y Desarrollo 
650 |a Sociología de la Educación 
650 |a Freire, Paulo 
910 |a Fondo General 
920 |a Impresos - Libros 
930 |a Colección General 
905 |a 101 
901 |a 0500121630  |b IT1  |c ACC  |u 20250521 
902 |a https://opac.biblio.iteso.mx/vufind/Record/000181676